000 00425nam a2200181Ia 4500
005 20240823021716.0
008 240823s9999||||xx |||||||||||||| ||und||
041 _aENGLISH
082 _A621.382 P6
100 _aSanjay Sharma
245 0 _aAnalog Communication Systems
250 _a3rd
260 _c2006
_b"Kataria S K,"
_aDelhi
500 _aLOST
650 _aAnalog
_bElectronics
942 _cBK
999 _c177579
_d177579